Spent cartridges of revolution : an anthropological history of Namiquipa, Chihuahua

Αποθηκεύτηκε σε:
Λεπτομέρειες βιβλιογραφικής εγγραφής
Κύριος συγγραφέας: Nugent, Daniel
Μορφή: Βιβλίο
Γλώσσα:English
Δημοσίευση: Chicago : University of Chicago Press, c1993
Θέματα:
Ετικέτες: Προσθήκη ετικέτας
Δεν υπάρχουν, Καταχωρήστε ετικέτα πρώτοι!

MARC

LEADER 00000nam a2200000 i 4500
001 1/92726
008 991115s1993 eng d
020 |a 0-226-60742-9 
035 |l 10054157 
040 |a GR-MY-UA  |b gre  |e aacr 
041 0 |a eng 
082 0 |a 972.16 
100 1 |a Nugent, Daniel. 
245 1 0 |a Spent cartridges of revolution :  |b an anthropological history of Namiquipa, Chihuahua /  |c Daniel Nugent 
260 |a Chicago :   |b University of Chicago Press,   |c c1993 
300 |a 225 p. 
504 |a Includes bibliographical references and index 
650 0 0 |a Peasantry  |z Mexico  |z Namiquipa  |x History. 
650 0 0 |a Land reform  |z Mexico  |z Namiquipa  |x History. 
650 0 0 |a Ethnohistory  |z Mexico  |z Namiquipa  |x History. 
651 0 |a Namiquipa (Mexico)  |x History. 
651 0 |a Mexico  |x History  |y Revolution, 1910-1920. 
852 |a INST  |b LESVOS  |e 19991115  |h 972.16 NUG  |p 005100022453  |q 005100022453  |t BK  |y 0 
901 |a BIBL1-1999-3 
909 |a Λ  |b 069388 
922 |a 1ΕΛΗ  |b 199910  |c ΚΠΣ/ΤΚΑ  |d LEADER 
950 |a 117-1999-07-28 
970 |a ΤΖΑΦΕΡΗ  |b ΕΥΑΓΓΕΛΙΑ  |z 1999/12/10